000 00234nam a2200109Ia 4500
999 _c7280
_d7280
020 _a978-0199535736
100 _aJohn Stuart Mill
245 0 _aOn Liberty and Other Essays
260 _aUK
_bOxford
_c1998
300 _a604
942 _cBK